000 01533nam a22003137a 4500
005 20240226144016.0
008 240226b ||||| |||| 00| 0 eng d
020 _a0226289435 (cloth : alk. paper)
020 _a0226289443 (pbk. : alk. paper)
040 _aCO-BoUCM
_cDavid Moreno
_dDavid Moreno
041 _aeng
060 _aQK 241
100 1 _aGentry, Alwyn H.
_9172794
245 1 2 _aA field guide to the families and genera of woody plants of northwest South America (Colombia, Ecuador, Peru), with supplementary notes on herbaceous taxa
_cAlwyn H. Gentry and Rodolfo Vasquez
246 _aWoody plants of northwest South America (Colombia, Ecuador, Peru), with supplementary notes on herbaceous taxa
250 _aUniversity of Chicago Press ed.
260 _aChicago
_bUniversity of Chicago Press
300 _axxiii, 895 Paginas
_bilustraciones
500 _aPublicado originalmente: Washington, DC: Conservation International, 1993 (Serie de biología de la conservación; contribución n.° 1).
500 _aPublicado en asociación con Conservación Internacional
504 _aIncluye referencias bibliográficas e índices
650 1 7 _aPlantas leñosas
_x Identificación
_zColombia
_9180084
650 1 7 _aPlantas leñosas
_x Identificación
_zcuador
_9180085
650 1 7 _aPlantas leñosas
_xIdentificación
_zPerú
_9180086
700 1 _aVasquez, Rodolfo
_9137232
710 2 _aConservation International
_968866
942 _2NLM
_a14
_cLIBRO
_e1
_hQK 241
_mG45
_n0
999 _c323918
_d323918